[Event "Cto Equipos Aragón 2012 Div H. Titulo"]
[Site "Aragon"]
[Date "2012.03.31"]
[Round "9.13"]
[White "Forcen Esteban Daniel"]
[Black "Gavin Roche Enrique"]
[Result "1-0"]
[WhiteElo "2428"]
[BlackElo "2253"]

1.e4 e6 2.d4 d5 3.Nd2 Nf6 4.e5 Nfd7 5.Bd3 c5 6.c3 b6 7.Bb5 Ba6 8.a4 Qc8 9.Ne2
Nc6 10.O-O cxd4 11.cxd4 Bxb5 12.axb5 Nb4 13.Nf3 Qc4 14.Nc3 Be7 15.Bd2 O-O 16.
Qe2 Rfc8 17.Qxc4 Rxc4 18.Ra4 Nd3 19.Rfa1 Rxa4 20.Nxa4 Rc8 21.Kf1 f6 22.exf6
gxf6 23.Ke2 Nb4 24.Nc3 Ra8 25.Nd1 Bd6 26.Ne3 Kf7 27.g4 h6 28.Ng2 e5 29.Ne3
exd4 30.Nxd4 Ne5 31.Ndf5 Bc5 32.Bxb4 Bxb4 33.Nxd5 Bc5 34.b4 Bf8 35.h3 Nc4 36.
Nc7 Rd8 37.Rxa7 Rd7 38.Rb7 Nd6 39.Nxd6+ Bxd6 40.Rxb6 Bxc7 41.Rc6 Bd6 42.b6 Ke7
43.b5 Ke6 44.f4 Kd5 45.Kf3 Re7 46.h4 Rf7 47.Rc8 Rb7 48.Rh8 f5 49.g5 hxg5 50.
fxg5 Rxb6 51.g6 Be5 52.Rd8+ Ke6 53.Re8+ Kd5 54.h5 Rxb5 55.h6 Rb3+ 56.Ke2 Rb2+
57.Kd3 Rb3+ 58.Kc2 Rb2+ 59.Kc1 Rg2 60.Rxe5+ Kxe5 61.h7 Rxg6 62.h8=Q+ Kf4 63.
Qh2+ 1-0

[Event "Cto Equipos Aragón 2012 Div H. Titulo"]
[Site "Aragon"]
[Date "2012.03.31"]
[Round "9.14"]
[White "Laliena Solanes Luis"]
[Black "Baron Rodriguez Jesus"]
[Result "0-1"]
[WhiteElo "2181"]
[BlackElo "2449"]

1.d4 d5 2.Bf4 e6 3.e3 Bd6 4.Bg3 b6 5.Nd2 Bb7 6.Bd3 Nf6 7.c3 Nbd7 8.Bxd6 cxd6
9.Qc2 O-O 10.Ngf3 e5 11.Bf5 Re8 12.O-O e4 13.Ng5 Nf8 14.f3 h6 15.Nxf7 Kxf7 16.
fxe4 g6 17.e5 dxe5 18.Nf3 e4 19.Ne5+ Kg7 20.Qf2 Qd6 21.Qg3 Nh5 22.Qg4 Rxe5 23.
dxe5 Qxe5 24.Qh3 Nf6 25.Bg4 Re8 26.Rf2 h5 27.Be2 N8h7 28.Qh4 Bc6 29.a4 Re7 30.
Qf4 Qxf4 31.Rxf4 Ng5 32.Rf2 Nf7 33.h3 Nd6 34.g4 hxg4 35.hxg4 Nd7 36.b4 Ne5 37.
Rd1 Ndc4 38.Bxc4 Nxc4 39.b5 Bb7 40.Re1 Ne5 0-1

[Event "Cto Equipos Aragón 2012 Div H. Titulo"]
[Site "Aragon"]
[Date "2012.03.31"]
[Round "9.15"]
[White "Castillo Sanjuan Alejandro"]
[Black "Latorre Abad Fernando"]
[Result "0-1"]
[WhiteElo "2044"]
[BlackElo "2100"]

1.e4 e5 2.Nc3 Nf6 3.f4 d5 4.fxe5 Nxe4 5.Nf3 Be7 6.d3 Nxc3 7.bxc3 O-O 8.Be2 c5
9.d4 cxd4 10.cxd4 Bf5 11.O-O Qc7 12.Bd3 Bxd3 13.Qxd3 h6 14.Bd2 Nd7 15.Rab1 Qc6
16.Qb5 Nb6 17.Qxc6 bxc6 18.Bb4 Rfe8 19.Bxe7 Rxe7 20.Nh4 Nc4 21.Nf5 Rd7 22.Rbe1
Kh7 23.e6 fxe6 24.Rxe6 Rc8 25.h4 Nd2 26.Rfe1 Ne4 27.Kh2 Rf8 28.Ng3 Rf4 29.Nxe4
Rxh4+ 30.Kg3 Rxe4 31.R1xe4 dxe4 32.Rxe4 Kg6 33.Kf4 Kf6 34.Ke3 Re7 35.c4 Rxe4+
36.Kxe4 Ke6 37.g4 g6 38.Kf4 a5 39.a4 Kf6 40.Ke4 h5 41.g5+ Ke6 42.Kf4 Kd6 43.
Ke4 Ke6 44.Kf4 h4 45.Kg4 h3 46.Kxh3 Kf5 47.Kg3 Kxg5 48.d5 cxd5 49.cxd5 Kf5 50.
Kh4 Ke5 51.Kg5 Kxd5 52.Kxg6 Kc4 0-1

[Event "Cto Equipos Aragón 2012 Div H. Titulo"]
[Site "Aragon"]
[Date "2012.03.31"]
[Round "9.16"]
[White "Cobo Garrido Diego Israel"]
[Black "Castillo Sanjuan Daniel"]
[Result "0-1"]
[WhiteElo "2049"]
[BlackElo "2019"]

1.e4 e5 2.Nf3 Nc6 3.Bb5 a6 4.Ba4 Nf6 5.O-O b5 6.Bb3 Be7 7.Re1 O-O 8.d4 d6 9.c3
Bg4 10.d5 Na5 11.Bc2 Nb7 12.Nbd2 Nc5 13.h3 Bh5 14.b4 Ncd7 15.c4 Rc8 16.cxb5
axb5 17.Bd3 c5 18.dxc6 Rxc6 19.Bxb5 Rb6 20.a4 d5 21.Qb3 dxe4 22.Nxe4 Nxe4 23.
Rxe4 Qa8 24.Bd3 Nc5 25.Qc2 Nxd3 26.Qxd3 Bg6 27.Qe3 Rd6 28.Rxe5 Rd1+ 29.Kh2 Bd6
30.a5 Rd3 31.Qe2 f6 32.Bb2 fxe5 33.Nxe5 Qd5 34.f4 Rd2 35.Qc4 Rxg2+ 36.Kh1 Be4
0-1

[Event "Cto Equipos Aragón 2012 Div H. Descenso"]
[Site "Aragon"]
[Date "2012.03.31"]
[Round "9.17"]
[White "Cifuentes Roberto"]
[Black "Villuendas Valero Adrian"]
[Result "1/2-1/2"]
[WhiteElo "2523"]
[BlackElo "2287"]

1.d4 Nf6 2.Nf3 d5 3.e3 c5 4.c4 dxc4 5.Bxc4 e6 6.O-O a6 7.Qe2 b5 8.Bb3 Bb7 9.
Rd1 Nbd7 10.Nc3 Qb6 11.d5 c4 12.dxe6 fxe6 13.Bc2 Bc5 14.Ng5 h6 15.Bg6+ Ke7 16.
Nge4 Ne5 17.Nxc5 Qxc5 18.Bc2 Rhd8 19.e4 Rxd1+ 20.Nxd1 Nc6 21.Be3 Nd4 22.Bxd4
Qxd4 23.Nc3 Rd8 24.a3 Bc6 25.h3 e5 26.Re1 a5 27.Rd1 Qc5 28.Rxd8 Kxd8 29.Qf3 b4
30.axb4 axb4 31.Ne2 Qa7 32.Qg3 b3 33.Bd1 Qa1 34.Nc3 Nxe4 35.Qxe5 Nxc3 36.Qd6+
Bd7 37.bxc3 b2 38.Qf8+ Kc7 39.Qc5+ Bc6 40.Qe7+ Kc8 41.Qf8+ Kb7 42.Qb4+ Ka8 43.
Qf8+ Ka7 44.Qc5+ Kb7 45.Qb4+ Kc7 46.Qe7+ Bd7 47.Qc5+ Kd8 48.Qf8+ Be8 49.Qd6+
Bd7 50.Qf8+ Be8 51.Qd6+ Bd7 52.Qf8+ Kc7 53.Qc5+ Kb8 54.Qb6+ Kc8 55.Qc5+
1/2-1/2

[Event "Cto Equipos Aragón 2012 Div H. Descenso"]
[Site "Aragon"]
[Date "2012.03.31"]
[Round "9.18"]
[White "Colom Sienes Eduardo"]
[Black "Accattato Martin Mario"]
[Result "0-1"]
[WhiteElo "2032"]
[BlackElo "2190"]

1.e4 d6 2.d4 Nf6 3.Nc3 e5 4.Nf3 Nbd7 5.Bc4 Be7 6.O-O O-O 7.Re1 a6 8.a4 b6 9.
Nd5 Bb7 10.Nxe7+ Qxe7 11.dxe5 dxe5 12.Bg5 h6 13.Bh4 Qb4 14.Bxf6 Nxf6 15.Nxe5
Qc5 16.Bxf7+ Rxf7 17.Nxf7 Kxf7 18.e5 Qd5 19.Qxd5+ Nxd5 20.Rad1 Ke6 21.g3 g5
22.c4 Ne7 23.c5 Nd5 24.cxb6 cxb6 25.f4 gxf4 26.gxf4 Rg8+ 27.Kf2 Rg4 28.f5+
Kxf5 29.e6 Kf6 30.Rxd5 Bxd5 31.e7 Bc6 32.e8=Q Bxe8 33.Rxe8 Rxa4 34.Re2 Kf5 35.
Ke1 Re4 0-1

[Event "Cto Equipos Aragón 2012 Div H. Descenso"]
[Site "Aragon"]
[Date "2012.03.31"]
[Round "9.19"]
[White "Gonzalez Gambau Jorge"]
[Black "Sanmartin Agustin Alvaro"]
[Result "1-0"]
[WhiteElo "2097"]
[BlackElo "2026"]

1.e4 c5 2.Nc3 Nc6 3.g3 e6 4.Bg2 Rb8 5.d3 b5 6.Be3 b4 7.Nce2 Nf6 8.f4 Bb7 9.Nf3
d5 10.exd5 exd5 11.d4 Qe7 12.Bf2 Ng4 13.O-O Qf6 14.h3 Nxf2 15.Rxf2 c4 16.c3
Bd6 17.Ne5 Ne7 18.Qa4+ 1-0

[Event "Cto Equipos Aragón 2012 Div H. Descenso"]
[Site "Aragon"]
[Date "2012.03.31"]
[Round "9.20"]
[White "Sacristan Latorre Alberto"]
[Black "Abos Rosico Antonio"]
[Result "1-0"]
[WhiteElo "1989"]
[BlackElo "2087"]

1.e4 d6 2.d4 Nf6 3.Nc3 g6 4.Be3 c6 5.Qd2 b5 6.Bd3 Bb7 7.h3 Nbd7 8.Nf3 Qc7 9.
O-O Bg7 10.Rfe1 O-O 11.Bh6 b4 12.Nd1 c5 13.e5 dxe5 14.dxe5 Nd5 15.Bxg7 Kxg7
16.e6 fxe6 17.Ng5 Nf4 18.Qxf4 Qxf4 19.Nxe6+ Kh6 20.Nxf4 Rxf4 21.Rxe7 Bc6 22.
Ne3 Rh8 23.g3 Rf3 24.Be2 Rxe3 25.Rxe3 Nb6 26.Rd1 Na4 27.a3 a5 28.axb4 axb4 29.
Rd6 Ba8 30.Ra6 Nxb2 31.Ra2 1-0

[Event "Cto Equipos Aragón 2012 Div H. Descenso"]
[Site "Aragon"]
[Date "2012.03.31"]
[Round "9.22"]
[White "Del Corral Abancens Alfonso"]
[Black "Martinez Cebolla Alberto"]
[Result "1/2-1/2"]
[WhiteElo "1935"]
[BlackElo "2081"]

1.e4 e5 2.d4 exd4 3.Nf3 Nc6 4.c3 d5 5.exd5 Qxd5 6.cxd4 Bg4 7.Be2 Bb4+ 8.Nc3
Bxf3 9.Bxf3 Qc4 10.Bxc6+ bxc6 11.Qe2+ Qxe2+ 12.Kxe2 O-O-O 13.Rd1 Ne7 14.Be3
Rhe8 15.Rac1 Nf5 16.Kf3 Rd6 17.g4 1/2-1/2

[Event "Cto Equipos Aragón 2012 Div H. Descenso"]
[Site "Aragon"]
[Date "2012.03.31"]
[Round "9.23"]
[White "Garcia Monterde Francisco Jose"]
[Black "Ballonga Arruebo Alejandro"]
[Result "1-0"]
[WhiteElo "2013"]
[BlackElo "1704"]

1.c4 e6 2.g3 d5 3.d4 c6 4.Bg2 Bb4+ 5.Bd2 Qe7 6.Nf3 Nf6 7.O-O Ne4 8.Qc2 a5 9.a3
Bd6 10.Nc3 f5 11.cxd5 exd5 12.Nxd5 1-0

[Event "Cto Equipos Aragón 2012 Div H. Descenso"]
[Site "Aragon"]
[Date "2012.03.31"]
[Round "9.24"]
[White "Santos Hernandez Higinio"]
[Black "Jimenez Fernandez Alejandro"]
[Result "1/2-1/2"]
[WhiteElo "1616"]
[BlackElo "1980"]

1.d4 f5 2.Nf3 Nf6 3.Bg5 d5 4.Nbd2 e6 5.Ne5 Bd6 6.e3 O-O 7.Be2 b6 8.f4 Ba6 9.
Bxa6 Nxa6 10.O-O c5 11.c3 Qe8 12.Qe2 Nc7 13.Rf3 Qh5 14.Bxf6 Rxf6 15.Qf2 Bxe5
16.dxe5 Rh6 17.Rh3 Qg4 18.Rxh6 gxh6 19.Nf3 Kf7 20.h3 Qg7 21.Rd1 Rg8 22.Kh2 h5
1/2-1/2

[Event "Cto Equipos Aragón 2012 Div H. Descenso"]
[Site "Aragon"]
[Date "2012.03.31"]
[Round "9.25"]
[White "Valiente Roy Jose Javier"]
[Black "Martinez Catalan Fco  Javier"]
[Result "1/2-1/2"]
[WhiteElo "2005"]
[BlackElo "2245"]

1.d4 e6 2.Nf3 c5 3.e3 Nf6 4.Bd3 d5 5.b3 Nc6 6.O-O Bd6 7.Bb2 O-O 8.c4 cxd4 9.
exd4 dxc4 10.bxc4 b6 11.Nc3 Bb7 12.Ne4 Be7 13.Qe2 Nb4 14.Nxf6+ Bxf6 15.Be4
Bxe4 16.Qxe4 Rc8 17.a3 Nc6 18.Rac1 Na5 19.Qd3 Qd7 20.Bc3 Rxc4 21.Bxa5 Rxc1 22.
Rxc1 bxa5 23.Qc4 Rd8 24.h3 g6 25.Qc5 Bxd4 26.Nxd4 Qxd4 27.Qxa5 Rb8 28.Qc5 Qd2
29.Rc2 Rb1+ 30.Kh2 Qf4+ 31.g3 Qe4 32.Qc8+ Kg7 33.Qc3+ e5 34.Rc1 Rxc1 35.Qxc1
Qd4 36.Kg2 h5 37.h4 Qd5+ 38.Kg1 a5 39.Qc3 Kf6 40.Qc8 e4 41.Kh2 Ke5 42.Qh8+ Kd6
43.Qd8+ Ke5 44.Qh8+ Kf5 45.Qc8+ Kf6 46.Qc3+ Qe5 47.Qc6+ Kg7 48.Qb6 Qd5 49.Qb2+
f6 50.Qb6 Kf7 51.Qc7+ Ke6 52.Qc8+ Kd6 53.Qd8+ Ke5 54.Qe7+ Kf5 55.Qa7 Kg4 56.
Qe3 Qf5 57.Qd4 g5 58.hxg5 fxg5 59.Qd1+ 1/2-1/2

[Event "Cto Equipos Aragón 2012 Div H. Descenso"]
[Site "Aragon"]
[Date "2012.03.31"]
[Round "9.26"]
[White "Valles Mata David"]
[Black "Munoz Suarez Luis Alberto"]
[Result "1/2-1/2"]
[WhiteElo "2184"]
[BlackElo "1994"]

1.e4 e6 2.d4 d5 3.Nc3 Bb4 4.e5 b6 5.a3 Bxc3+ 6.bxc3 Ne7 7.Qg4 Ng6 8.h4 h5 9.
Qg3 Ba6 10.Bxa6 Nxa6 11.Bg5 Qd7 12.a4 Nb8 13.Ne2 Nc6 14.Qf3 Nge7 15.g4 hxg4
16.Qxg4 O-O-O 17.h5 Rdg8 18.Bd2 Na5 19.f4 Nf5 20.Ng3 g6 21.Nxf5 exf5 22.Qf3
gxh5 23.Ke2 Rg4 24.Be1 Nc4 25.Bh4 Qc6 26.Bf6 Rhg8 27.Bg5 f6 28.Bh4 a5 29.Bf2
Nb2 30.Rxh5 Nxa4 31.Ra3 fxe5 32.fxe5 Re4+ 33.Kd2 Nb2 34.Qxf5+ Kb7 35.Rb3 Nc4+
36.Kd1 a4 37.Rb1 a3 38.e6 Qxe6 39.Qxe6 Rxe6 40.Rh1 Rg2 41.Rf1 Ne3+ 42.Bxe3
Rxe3 43.Rb3 Ree2 44.Rxa3 Rd2+ 45.Kc1 Rxc2+ 46.Kb1 Rb2+ 47.Kc1 Ra2 48.Rxa2 Rxa2
49.Rf6 Rg2 50.Kd1 Rh2 51.Kc1 Ka6 52.Rc6 Rh7 53.Kb2 Kb5 54.Rg6 c5 55.dxc5 bxc5
56.Rg2 Rh3 57.Kc2 Rh4 58.Kd3 Rh3+ 59.Kc2 Kc4 60.Rg4+ d4 61.cxd4 Rh2+ 62.Kc1
cxd4 63.Rg3 Ra2 64.Rh3 Re2 65.Kd1 Rg2 66.Kc1 1/2-1/2

[Event "Cto Equipos Aragón 2012 Div H. Descenso"]
[Site "Aragon"]
[Date "2012.03.31"]
[Round "9.27"]
[White "Martin Barbero Roberto"]
[Black "Solano Lasierra Javier"]
[Result "0-1"]
[WhiteElo "1990"]
[BlackElo "2172"]

1.d4 e6 2.Nf3 d5 3.g3 c6 4.Bg2 f5 5.O-O Nf6 6.a4 Bd6 7.Bf4 Bxf4 8.gxf4 Ne4 9.
Nbd2 O-O 10.e3 b6 11.Re1 Nd7 12.Nf1 Ba6 13.Ng3 Qe8 14.a5 Kh8 15.Ra3 Rg8 16.Qa1
b5 17.b4 h6 18.Re2 g5 19.Rd3 g4 20.Nd2 h5 21.Ngxe4 fxe4 22.Rc3 Rc8 23.Nb3 Rc7
24.Nc5 Nxc5 25.Rxc5 Bc8 26.c4 bxc4 27.b5 a6 28.bxc6 Rxc6 29.Rxc6 Qxc6 30.Bxe4
Rg7 31.Bg2 c3 32.Rc2 Rc7 33.Qa3 Kg7 34.f3 e5 35.fxe5 Bf5 36.e4 dxe4 37.fxe4
Bxe4 38.Qc1 Bxg2 39.e6 Qd5 40.Qf4 Re7 41.Rxc3 Be4 42.Qe3 Qxe6 43.Rc5 Qf6 44.
Rxh5 Bg6 45.Re5 Rf7 46.Qe2 Qf4 47.d5 g3 48.hxg3 Qxg3+ 49.Kh1 Bd3 0-1

[Event "Cto Equipos Aragón 2012 Div H. Descenso"]
[Site "Aragon"]
[Date "2012.03.31"]
[Round "9.28"]
[White "Escuer Sanchez Nestor"]
[Black "Serrano San Nicolas Angel"]
[Result "0-1"]
[WhiteElo "2099"]
[BlackElo "1959"]

1.e4 d5 2.exd5 Qxd5 3.Nc3 Qa5 4.g3 Nf6 5.Bg2 c6 6.Nf3 Bg4 7.h3 Bxf3 8.Qxf3
Qe5+ 9.Ne2 e6 10.O-O Nbd7 11.d4 Qc7 12.c4 Nb6 13.Bf4 Qd7 14.b3 Be7 15.g4 h6
16.a4 a5 17.Qe3 Ra6 18.Nc3 Nh7 19.Rad1 O-O 20.d5 exd5 21.cxd5 c5 22.d6 Bg5 23.
Bxg5 Nxg5 24.Qxc5 Ne6 25.Qe3 Nc8 26.Nb5 Nxd6 27.Qg3 Rd8 28.Rd2 g5 29.Rfd1 Nf4
30.Kh2 Qe7 31.Qe3 Qf6 32.Bf3 Kh7 33.Be4+ Kg7 34.Qd4 Nxe4 35.Qxf6+ Rxf6 36.Rxd8
Ne6 37.R8d7 Rxf2+ 38.Kh1 Nf4 39.Rg1 Nxh3 40.Rg2 Rf1+ 41.Kh2 Nhf2 42.Rxf2 Rxf2+
43.Kg1 Rf4 44.Nd4 Rxg4+ 45.Kh2 Nc5 46.Rd6 Rf4 47.Rd5 Kf6 48.Kg2 Ne6 49.Ne2 Rb4
50.Rd3 Nf4+ 51.Nxf4 Rxf4 52.Rd6+ Kg7 0-1

[Event "Cto Equipos Aragón 2012 Div H. Descenso"]
[Site "Aragon"]
[Date "2012.03.31"]
[Round "9.29"]
[White "Lamas Mercadal Manuel"]
[Black "Carraminana Lopez Luis Antonio"]
[Result "1-0"]
[WhiteElo "2202"]
[BlackElo "2047"]

1.e4 d6 2.d4 Nf6 3.Nc3 Nbd7 4.Nf3 e5 5.Bc4 Be7 6.a4 O-O 7.O-O c6 8.Re1 a5 9.h3
exd4 10.Qxd4 Nc5 11.Bf4 Be6 12.Rad1 Qb6 13.Bxe6 fxe6 14.Bxd6 Bxd6 15.Qxd6 Rad8
16.Qe7 Rde8 17.Qd6 Rd8 18.Qe5 Nfd7 19.Qd4 Qxb2 20.Rb1 Qxc2 21.Re2 Nb3 22.Rxc2
Nxd4 23.Nxd4 Nc5 24.Nb3 1-0

[Event "Cto Equipos Aragón 2012 Div H. Descenso"]
[Site "Aragon"]
[Date "2012.03.31"]
[Round "9.30"]
[White "Gil Capape Marco Antonio"]
[Black "Llanes Luno Pedro Alfredo"]
[Result "0-1"]
[WhiteElo "2059"]
[BlackElo "2148"]

1.e4 c5 2.Nc3 Nc6 3.f4 e6 4.Nf3 a6 5.d3 b5 6.g3 Bb7 7.Bg2 d6 8.b3 g6 9.Bb2 Bg7
10.O-O Nge7 11.Rb1 O-O 12.f5 exf5 13.Nh4 Nd4 14.Ne2 Nxe2+ 15.Qxe2 Bxb2 16.Rxb2
fxe4 17.dxe4 Nc6 18.Qe3 Qe7 19.c3 d5 20.Rbf2 dxe4 21.Rf6 Ne5 22.Qg5 Rae8 23.
Nf5 Qd7 24.Bh3 Qd8 25.Nd6 Nf3+ 26.R1xf3 exf3 27.Nxb7 Qd1+ 28.Bf1 Re1 0-1

[Event "Cto Equipos Aragón 2012 Div H. Descenso"]
[Site "Aragon"]
[Date "2012.03.31"]
[Round "9.31"]
[White "Roche Simon Manuel Angel"]
[Black "Galvez Perez Jose Luis"]
[Result "1-0"]
[WhiteElo "2134"]
[BlackElo "1979"]

1.e4 Nf6 2.e5 Nd5 3.d4 d6 4.Nf3 dxe5 5.Nxe5 g6 6.c4 Nb6 7.Be3 N8d7 8.Nf3 Bg7
9.Nc3 c6 10.Qd2 O-O 11.O-O-O Nf6 12.h3 Be6 13.b3 a5 14.a4 Bf5 15.Bd3 Bxd3 16.
Qxd3 Nbd7 17.d5 cxd5 18.Nxd5 e6 19.Nb6 Nxb6 20.Qxd8 Rfxd8 21.Rxd8+ Rxd8 22.
Bxb6 Rd6 23.Bxa5 Ne4 24.Rf1 h5 25.Kc2 g5 26.Nd2 Nf6 27.Bc3 Rd7 28.a5 Kh7 29.
Ra1 Kg6 30.a6 bxa6 31.Rxa6 Bf8 32.Ra5 g4 33.Bxf6 Kxf6 34.Rxh5 gxh3 35.Rxh3 Bb4
36.Ne4+ Kg6 37.Nc3 f5 38.Rd3 Rh7 39.Na2 Be1 40.Re3 Bxf2 41.Rxe6+ Kg5 42.Re2
Bg1 43.b4 f4 44.Nc3 Rh2 45.Kd3 Kg4 46.Ne4 Rh8 47.c5 Be3 48.Nd6 Rh1 49.Rxe3
fxe3 50.Kxe3 Re1+ 51.Kd4 Kf4 52.Kd5 Kg5 53.b5 Kf6 54.b6 Ke7 55.b7 Rb1 56.Kc6
1-0

[Event "Cto Equipos Aragón 2012 Div H. Descenso"]
[Site "Aragon"]
[Date "2012.03.31"]
[Round "9.32"]
[White "Garcia Lopez Alberto Jose"]
[Black "Campo Millan Diego"]
[Result "1-0"]
[WhiteElo "1943"]
[BlackElo "2091"]

1.Nf3 g6 2.d4 Nf6 3.c4 Bg7 4.Nc3 d5 5.Bg5 Ne4 6.Bf4 Nxc3 7.bxc3 c5 8.e3 Nc6 9.
Qa4 O-O 10.cxd5 Qxd5 11.Bc4 Qd8 12.O-O Bd7 13.Qc2 Rc8 14.Qe2 h6 15.Rab1 Na5
16.Bd3 Be6 17.Ne5 cxd4 18.cxd4 b6 19.Rfc1 Qd5 20.Ba6 Qxa2 21.Qxa2 Bxa2 22.Bxc8
Bxb1 23.Ba6 Be4 24.Rc7 g5 25.Bg3 e6 26.f3 Bd5 27.Nd7 Ra8 28.Be5 Nc6 29.Bxg7
Nb4 30.Bxh6 Nxa6 31.Nf6+ Kh8 32.Rxf7 1-0

[Event "Cto Equipos Aragon 2012 Preferente A"]
[Site "Aragon"]
[Date "2012.03.31"]
[Round "9.33"]
[White "Sierra Aguerri Joaquin"]
[Black "Lana Rodriguez David"]
[Result "0-1"]
[WhiteElo "2086"]
[BlackElo "2243"]

1.e4 e6 2.d4 d5 3.exd5 exd5 4.Bd3 Nc6 5.Ne2 Bd6 6.c3 Qf6 7.Be3 Nge7 8.Qd2 Bf5
9.Bf4 Bxd3 10.Bxd6 Bxe2 11.Bxe7 Nxe7 12.Qxe2 O-O-O 13.Nd2 Ng6 14.O-O h5 15.
Rfe1 Nf4 16.Qe5 Qxe5 17.Rxe5 Nd3 18.Re3 Nxb2 19.Rae1 Na4 20.Re7 Rd7 21.R7e3 b5
22.Kf1 Rh6 23.Rg3 f6 24.Re8+ Kb7 25.h4 c6 26.Nb3 Kc7 27.f4 g5 28.fxg5 fxg5 29.
Rxg5 Nxc3 30.Nc5 Rf7+ 31.Ke1 Nxa2 32.Rgg8 Kb6 33.Rg3 Rhf6 34.Ra3 Nb4 35.Rb8+
Kc7 36.Rb7+ Kc8 37.Rxf7 Rxf7 38.Ke2 Rf4 39.Rxa7 Rxd4 0-1

[Event "Cto Equipos Aragon 2012 Preferente A"]
[Site "Aragon"]
[Date "2012.03.31"]
[Round "9.34"]
[White "Guzman Moneo Alberto"]
[Black "Fernandez Rubio Rafael"]
[Result "1-0"]
[WhiteElo "2172"]
[BlackElo "2064"]

1.e4 d6 2.d4 Nf6 3.Nc3 g6 4.Bg5 Bg7 5.Qd2 Nbd7 6.O-O-O c5 7.dxc5 Nxc5 8.f3 Qa5
9.Kb1 O-O 10.Nd5 Qd8 11.Nxf6+ exf6 12.Be3 Be6 13.Ne2 Qb6 14.Nc3 Rfd8 15.h4 f5
16.exf5 gxf5 17.Bd4 Rac8 18.Qg5 f6 19.Bxf6 Rd7 20.Bxg7 Rxg7 21.Qd2 d5 22.Qd4
a6 23.Re1 Qc6 24.Rg1 b5 25.a3 Rd7 26.g4 f4 27.Re5 Bf7 28.Rg5+ Kf8 29.Bd3 Ne6
30.Qb4+ Ke8 31.Re5 d4 32.Ne4 Kd8 33.Qa5+ Rcc7 34.Re1 Kc8 35.Qd2 Rd5 36.Rxd5
Qxd5 37.Nf6 Qxf3 38.Be4 Qg3 39.Bf5 Rc6 40.Nd5 Kb7 41.g5 Qxh4 42.Ne7 Rd6 43.
Be4+ Kc7 44.Nf5 Qxg5 45.Nxd6 Kxd6 46.Bxh7 Kc6 47.Be4+ Kb6 48.Bh1 Qg3 49.Rf1
Qe3 50.Qg2 Nd8 51.Qf3 Qe6 52.b3 Bg6 53.Qd5 Qf6 54.Be4 Bf7 55.Rxf4 Qxf4 56.
Qxd8+ Qc7 57.Qxd4+ Ka5 58.Kb2 Be6 59.c3 Qh2+ 60.Bc2 1-0

[Event "Cto Equipos Aragon 2012 Preferente A"]
[Site "Aragon"]
[Date "2012.03.31"]
[Round "9.35"]
[White "Sancho Casale Jesus"]
[Black "Navarro Alonso Jorge"]
[Result "0-1"]
[WhiteElo "1912"]
[BlackElo "2154"]

1.e4 c5 2.c3 e6 3.d4 d5 4.exd5 exd5 5.Nf3 Bd6 6.Na3 Nc6 7.Nb5 cxd4 8.Nxd6+
Qxd6 9.Nxd4 Nf6 10.Qe2+ Be6 11.Nf5 Qf8 12.Bf4 Ne4 13.Ng3 Nf6 14.O-O-O Qe7 15.
Nh5 Nxh5 16.Qxh5 O-O-O 17.Bb5 Qc5 18.Bxc6 Qxc6 19.Qe5 Rhe8 20.Rd4 f6 21.Qh5 g5
22.Bg3 Bf5 23.h4 h6 24.hxg5 hxg5 25.Rhd1 Re7 26.Qf3 Be4 27.Qg4+ Qd7 28.Qxd7+
Rexd7 29.f3 Bg6 30.c4 Bf7 31.c5 Re7 32.b4 Re2 33.R1d2 Rxd2 34.Kxd2 a6 35.f4
Rg8 36.Ke3 Kd7 37.a4 Kc6 38.fxg5 fxg5 39.Bd6 Re8+ 40.Kf3 Bh5+ 41.g4 Bg6 42.b5+
axb5 43.axb5+ Kxb5 44.Rb4+ Kxb4 45.c6+ Kc3 46.cxb7 d4 47.b8=Q Rxb8 48.Bxb8 d3
49.Bc7 d2 0-1

[Event "Cto Equipos Aragon 2012 Preferente A"]
[Site "Aragon"]
[Date "2012.03.31"]
[Round "9.37"]
[White "Malo Guillen Jose Luis"]
[Black "Alonso Fdez-Revuelta Rodrigo"]
[Result "1-0"]
[WhiteElo "2189"]
[BlackElo "2021"]

1.d4 d5 2.c4 e6 3.g3 Nf6 4.Bg2 Be7 5.Nf3 O-O 6.O-O c6 7.b3 Nbd7 8.Bb2 b6 9.
Nbd2 Bb7 10.Rc1 c5 11.e3 Rc8 12.Qc2 b5 13.Qb1 Qb6 14.dxc5 Bxc5 15.b4 Bxb4 16.
Bxf6 Bxd2 17.Bd4 Qa5 18.Nxd2 Qxd2 19.Bc3 Qe2 20.cxb5 Nb6 21.Bd4 Qd2 22.Rfd1
Rxc1 23.Qxc1 Qxc1 24.Rxc1 Rc8 25.Rxc8+ Bxc8 26.Bf1 f6 27.f4 Bd7 28.Bd3 e5 29.
fxe5 fxe5 30.Bxe5 Nc4 31.Bd4 Bxb5 32.Bxa7 g6 33.Bd4 Kf7 34.Kf2 Ke6 35.g4 Kd6
36.h4 Bd7 37.g5 Nd2 38.Kg3 Ne4+ 39.Kf4 Bc6 40.Bc2 Nd2 41.h5 Ne4 42.h6 Be8 43.
a4 Ke6 44.a5 Bb5 45.Bg7 Ba6 46.Ba4 Nd6 47.Bf8 Bd3 48.Bc6 1-0

[Event "Cto Equipos Aragon 2012 Preferente A"]
[Site "Aragon"]
[Date "2012.03.31"]
[Round "9.38"]
[White "Lucea Valero Alejandro"]
[Black "Alonso Blasco Jose Miguel"]
[Result "1/2-1/2"]
[WhiteElo "1962"]
[BlackElo "2119"]

1.Nf3 Nf6 2.c4 e6 3.g3 d5 4.Bg2 dxc4 5.Qa4+ Nbd7 6.Ne5 Be7 7.O-O O-O 8.Nxd7
Qxd7 9.Qxc4 c5 10.Nc3 a6 11.Qb3 Rb8 12.d3 b5 13.Bf4 Bd6 14.Bxd6 Qxd6 15.Ne4
Nxe4 16.Bxe4 Bb7 17.Bxb7 Rxb7 18.Rfc1 h6 19.Qc3 Rc8 20.a4 Qb6 21.Rc2 Rbc7 22.
axb5 axb5 23.Qa5 Qb7 24.b3 Rb8 25.Rca2 Rcc8 26.Qc3 Qd5 27.Ra5 e5 28.Rc1 e4 29.
dxe4 Qxe4 30.Qd3 Qb7 31.Qf5 c4 32.bxc4 bxc4 33.Rc5 Rxc5 34.Qxc5 Rc8 35.Qd4 Qb3
36.Rc3 Qb1+ 37.Kg2 Qb7+ 38.Kg1 Qb1+ 1/2-1/2

[Event "Cto Equipos Aragon 2012 Preferente A"]
[Site "Aragon"]
[Date "2012.03.31"]
[Round "9.39"]
[White "Javierre Conesa Alfonso"]
[Black "Buil Montanes Carlos"]
[Result "1/2-1/2"]
[WhiteElo "2045"]
[BlackElo "1924"]

1.d4 d5 2.Nf3 Nf6 3.c4 dxc4 4.e3 Bg4 5.Bxc4 e6 6.Nc3 Nbd7 7.h3 Bh5 8.O-O Bb4
9.Be2 O-O 10.Qb3 c5 11.a3 Bxc3 12.bxc3 Qc7 13.a4 Rfd8 14.Ba3 Rac8 15.Rac1 b6
16.Rfd1 e5 17.dxe5 Nxe5 18.c4 Bxf3 19.Bxf3 Nxf3+ 20.gxf3 Rxd1+ 21.Rxd1 Rd8 22.
Bb2 Rxd1+ 23.Qxd1 Qd7 24.Qxd7 Nxd7 25.Kf1 f6 26.Ke2 Kf7 27.Kd3 Ke6 28.f4 g6
29.Bc3 Nb8 30.f3 Nc6 31.Ke2 Ne7 32.Bb2 Nf5 33.Bc3 Nd6 34.Kd3 f5 35.Be5 Nc8 36.
Bc3 Ne7 37.Kc2 Nc6 38.Kb3 a5 39.Kc2 Kd7 40.Kd2 Nd8 41.Ke2 Ne6 42.Kf2 Kc6 43.
Bf6 Kd7 44.Bc3 Kc6 1/2-1/2

[Event "Cto Equipos Aragon 2012 Preferente A"]
[Site "Aragon"]
[Date "2012.03.31"]
[Round "9.40"]
[White "Minguez Guinda Andres"]
[Black "Mombiela De Sus Jose Luis"]
[Result "1/2-1/2"]
[WhiteElo "1923"]
[BlackElo "2034"]

1.e4 Nf6 2.e5 Nd5 3.d4 d6 4.Nf3 dxe5 5.Nxe5 g6 6.Be2 Bg7 7.O-O O-O 8.c4 Nb6 9.
Nc3 Be6 10.c5 Bxe5 11.cxb6 Bg7 12.bxc7 Qxc7 13.Nb5 Qd7 14.Bf4 Na6 15.Qa4 Bd5
16.Rfd1 Rfc8 17.Rd2 Nc7 18.Nc3 Qxa4 19.Nxa4 Bc6 20.Nc3 Nd5 21.Nxd5 Bxd5 22.Kf1
Kf8 23.f3 h5 24.Be3 Rc7 25.Bd3 Rd8 26.Ke2 a6 27.b3 Rcd7 28.Rad1 Bf6 29.Be4 Ke8
30.h3 1/2-1/2

[Event "Cto Equipos Aragon 2012 Preferente A"]
[Site "Aragon"]
[Date "2012.03.31"]
[Round "9.41"]
[White "Ferreruela Romero Jose Joaquin"]
[Black "Dominguez Bujeda Jesus"]
[Result "0-1"]
[WhiteElo "2020"]
[BlackElo "2127"]

1.d4 d5 2.Nf3 Nf6 3.c4 e6 4.Nc3 Be7 5.Bg5 h6 6.Bh4 O-O 7.e3 b6 8.Bd3 dxc4 9.
Bxc4 Bb7 10.O-O Nbd7 11.Qe2 Ne4 12.Bg3 Nxg3 13.hxg3 a6 14.Bd3 c5 15.Rad1 Qc7
16.Bb1 Nf6 17.Rc1 b5 18.dxc5 Qxc5 19.e4 Qh5 20.e5 Ng4 21.Be4 Bxe4 22.Qxe4 Rad8
23.Ne2 Bg5 24.Rcd1 Rxd1 25.Rxd1 Qh1+ 26.Kxh1 Nxf2+ 27.Kh2 Nxe4 28.Rd7 Be3 29.
Ned4 Rc8 30.Ra7 Rc1 31.Rxa6 Nf2 32.g4 Rh1+ 33.Kg3 Ne4# 0-1

[Event "Cto Equipos Aragon 2012 Preferente A"]
[Site "Aragon"]
[Date "2012.03.31"]
[Round "9.42"]
[White "Martin Catalan Juan Vicente"]
[Black "Sanmiguel Mateo Luis"]
[Result "1-0"]
[WhiteElo "2105"]
[BlackElo "1958"]

1.d4 d5 2.Nf3 Nf6 3.c4 e6 4.Bg5 Be7 5.Nc3 h6 6.Bh4 O-O 7.e3 b6 8.Be2 Bb7 9.
Bxf6 Bxf6 10.cxd5 exd5 11.b4 Nd7 12.b5 Re8 13.Qb3 Nf8 14.O-O Ne6 15.a4 c5 16.
bxc6 Bxc6 17.Rfc1 Qd7 18.Ba6 Nc7 19.Bd3 Rab8 20.h3 Re7 21.Rc2 Ree8 22.Bb5 Nxb5
23.axb5 Ba8 24.Rca2 g5 25.Rxa7 Qf5 26.e4 dxe4 27.Qxf7+ Kh8 28.Ne5 Rg8 29.Rxa8
1-0

[Event "Cto Equipos Aragon 2012 Preferente A"]
[Site "Aragon"]
[Date "2012.03.31"]
[Round "9.49"]
[White "Neila Castillo Miguel Angel"]
[Black "Planas Torrea Francisco Javier"]
[Result "1/2-1/2"]
[WhiteElo "2071"]
[BlackElo "2007"]

1.c4 Nf6 2.Nc3 g6 3.d4 Bg7 4.e4 d6 5.Be2 c5 6.d5 e6 7.h3 exd5 8.cxd5 O-O 9.Nf3
Re8 10.Nd2 Nbd7 11.O-O a6 12.a4 h6 13.f4 Rb8 14.Qc2 c4 15.Bxc4 b5 16.axb5 axb5
17.Bxb5 Rxb5 18.Nxb5 Qb6+ 19.Kh1 Qxb5 20.Re1 Nxd5 21.Qc4 Qc5 22.Qxc5 Nxc5 23.
Ra8 Nd3 24.Rf1 N5xf4 25.Nc4 Be5 26.Bxf4 Nxf4 27.Rd1 Bd7 28.Rxe8+ Bxe8 29.Nxd6
Ba4 30.Rd2 Nh5 31.Kg1 Bf4 32.Rd3 Nf6 33.g3 Bc2 34.Rc3 Bxd6 35.Rxc2 Nxe4
1/2-1/2

[Event "Cto Equipos Aragon 2012 Preferente A"]
[Site "Aragon"]
[Date "2012.03.31"]
[Round "9.50"]
[White "Planas Torrea Alberto"]
[Black "Pes Mateo Angel"]
[Result "1/2-1/2"]
[WhiteElo "1920"]
[BlackElo "2069"]

1.e4 c5 2.Nf3 d6 3.d4 cxd4 4.Nxd4 Nf6 5.Nc3 a6 6.Be2 e5 7.Nb3 Nbd7 8.O-O b6 9.
f4 Bb7 10.Bf3 Rc8 11.Re1 Be7 12.Kh1 Qc7 13.g4 h6 14.Be3 exf4 15.Bxf4 Ne5 16.
Nd4 g6 17.h3 h5 18.g5 Nfg4 19.Kg2 Nxf3 20.Nxf3 Ne5 21.Qd4 f6 22.Re2 O-O 23.Nd5
Nxf3 24.Kxf3 Bxd5 25.Qxd5+ Kh7 26.Kg2 Qc5 27.Rd1 fxg5 28.Bxd6 Bxd6 29.Qxd6 Qc4
30.Ree1 Qf7 31.Qg3 Qe7 32.e5 Rf4 33.Rd2 Qb7+ 1/2-1/2